000 004470000a22001810004500
003 MACL
005 20150929105250.0
008 150929b xxu||||| |||| 00| 0 eng d
040 _aMACL
_cMACL
041 _aEnglish
082 _a891/SAS
100 _aSastri A, C
_912539
245 _aCaitanya
_bMakers of Indian Literature
260 _bSahitya Akademi
_c1990
_aNew Delhi
350 _a10
650 _aliterature
_912540
942 _cBK
_k891
_2ddc
999 _c5387
_d5387